000 00514nam a2200145Ia 4500
008 220216s9999 xx 000 0 und d
100 _aSincharoenkul V
245 0 _aFactors affecting Thailand NR production and supply up to the year 2000
260 _bInternational Rubber Conference 1997. Rubber Science and Technology: Improving Quality of Life, Kuala Lumpur, Malaysia 6-9 Oct 1997; p526-530
650 _aNR production
650 _aNR supply
650 _aThailand
700 _aThainugul W
942 _cJS
999 _c59232
_d59232